| 000 | 00454nam a22001697a 4500 | ||
|---|---|---|---|
| 005 | 20260305132120.0 | ||
| 008 | 260305b |||||||| |||| 00| 0 eng d | ||
| 020 | _a9781118275764 (hbk) | ||
| 040 | _cPK-LaUMT | ||
| 082 |
_a613.711 _bSPO- |
||
| 245 |
_aSports nutrition / _cedited by Ronald J. Maughan |
||
| 250 | _a2nd ed. | ||
| 260 |
_aWest Sussex : _bWiley-Blackwell, _c2014 |
||
| 300 | _a666 p. | ||
| 700 |
_aRonald J. Maughan _99646 |
||
| 942 | _cBK | ||
| 999 |
_c140013 _d140013 |
||